| 000 | 01325nam a22002657a 4500 | ||
|---|---|---|---|
| 001 | 8240 | ||
| 003 | FISKH | ||
| 005 | 20250904141346.0 | ||
| 008 | 250904b cb ||||| |||| 00| 0 eng d | ||
| 020 | _a9780194646345 | ||
| 040 |
_aFISKH _beng _cFISKH _dFISKH |
||
| 082 | _a700 | ||
| 100 | _aNorthcott, Richard | ||
| 245 |
_aArt / _cBy Richard Northcott |
||
| 250 | _aFirst published 2013 | ||
| 260 |
_aOxford : _bOxford University Press , _c2013. |
||
| 300 |
_a32 unnumbered pages : _bcolor illustrations ; _c21 cm . |
||
| 490 |
_aOxford Read and Discover _vLevel 1 |
||
| 505 | _aJ | ||
| 520 | _aThis exciting new series of non-fiction readers provides interesting and educational content, with activities and project work. The readers are graded at four levels, from 3 to 6, suitable for students from age 8 and older. They can support Content and Language Integrated Learning (CLIL), andcover a broad range of topics, within three curriculum areas:The World of Science and TechnologyThe Natural WorldThe World of Arts and Social StudiesAlso available for each reader:* Activity Book* Audio CD Pack (Reader and Audio CD)* Teacher's Notes and CLIL guidance at www.oup.com/elt/readanddiscover | ||
| 521 | 8 |
_a500
_bLexile estimate |
|
| 521 | 8 |
_aJ
_bRaz-Plus |
|
| 942 |
_2ddc _cBK _n0 |
||
| 999 |
_c8240 _d8240 |
||